| 000 | 00710nam a2200253 a 4500 | ||
|---|---|---|---|
| 001 | 69970 | ||
| 003 | BD-RjUL | ||
| 005 | 20211209081942.0 | ||
| 008 | 170415s1978 maua 001 0 eng d | ||
| 020 | _a0395250366 | ||
| 035 | _a(BD-RjUL)70182 | ||
| 040 |
_aDLC _cDLC _dBD-RjUL _beng |
||
| 041 | _aeng | ||
| 082 | 0 | 0 |
_a530 _223 _bHUP 1978 |
| 100 | 1 |
_aHurley, James P. _9207250 |
|
| 245 | 1 | 0 |
_aPrinciples of physics / _cJames P. Hurley, Claude Garrod. |
| 260 |
_aBoston : _bHoughton Mifflin, _cc1978. |
||
| 300 |
_axvii, 773 p. : _bill. ; _c25 cm. |
||
| 500 | _aIncludes index. | ||
| 650 | 0 |
_aPhysics. _9207251 |
|
| 700 | 1 |
_aGarrod, Claude, _ejoint author. _9207252 |
|
| 942 |
_2ddc _cBK |
||
| 999 |
_c69970 _d69970 |
||